000 01289cam a2200361 c 4500
001 266759319
003 DE-627
005 20250729120913.0
007 tu
008 990330s1987 it ||||| 00| ||eng c
035 _a(DE-627)266759319
035 _a(DE-599)GBV266759319
035 _a(OCoLC)246219714
040 _aDE-627
_bger
_cDE-627
_erakwb
_dDE-2950
041 _aeng
_kita
044 _cXA-IT
082 0 _a372.21
_qOCLC
245 0 0 _aI cento linguaggi dei bambini
_b = the hundred languages of children : narrativa del possibile ; proposte di bambini delle scuole communali dell'infanzia di Reggio Emilia /
_cSergio Spaggiari ...
246 1 _iParallelt.
_aThe hundred languages of children
246 3 1 _athe hundred languages of children:
_bnarrativa del possibile ; proposte di bambini delle scuole communali dell'infanzia di Reggio Emilia
246 3 3 _aThe hundred languages of children
264 1 _aReggio Emilia
_bComune di Reggio Emilia,
_c1987
300 _a118 S:
_bill
336 _aText
_btxt
_2rdacontent
337 _aohne Hilfsmittel zu benutzen
_bn
_2rdamedia
338 _aBand
_bnc
_2rdacarrier
653 _aReggio-Pädagogik
653 _aAusstellung
653 _aKatalog
700 1 _aSpaggiari, Sergio
_4oth
942 _2z
_cB
951 _aBO
999 _c373923
_d373923